<?xml version="1.0" encoding="UTF-8"?>
<record
    xmlns:xsi="http://www.w3.org/2001/XMLSchema-instance"
    xsi:schemaLocation="http://www.loc.gov/MARC21/slim http://www.loc.gov/standards/marcxml/schema/MARC21slim.xsd"
    xmlns="http://www.loc.gov/MARC21/slim">

  <leader>01814nam a22002777a 4500</leader>
  <controlfield tag="005">20230822153718.0</controlfield>
  <controlfield tag="008">230822b           ||||| |||| 00| 0 eng d</controlfield>
  <datafield tag="020" ind1=" " ind2=" ">
    <subfield code="a">9789356811966</subfield>
  </datafield>
  <datafield tag="040" ind1=" " ind2=" ">
    <subfield code="c">AL</subfield>
  </datafield>
  <datafield tag="041" ind1=" " ind2=" ">
    <subfield code="a">eng</subfield>
  </datafield>
  <datafield tag="082" ind1=" " ind2=" ">
    <subfield code="2">23</subfield>
    <subfield code="a">510.02</subfield>
    <subfield code="b">CHAG</subfield>
  </datafield>
  <datafield tag="100" ind1=" " ind2=" ">
    <subfield code="a">Kuldeep Chaudhary</subfield>
    <subfield code="9">130499</subfield>
  </datafield>
  <datafield tag="100" ind1=" " ind2=" ">
    <subfield code="d">Shashank Goel</subfield>
    <subfield code="9">130478</subfield>
  </datafield>
  <datafield tag="245" ind1=" " ind2=" ">
    <subfield code="a">GATE: Graduate Aptitude Test in Engineering 2024:</subfield>
    <subfield code="b">Mathematics</subfield>
  </datafield>
  <datafield tag="260" ind1=" " ind2=" ">
    <subfield code="a">Haryana</subfield>
    <subfield code="b">G K Publications Pvt Litd</subfield>
    <subfield code="c">2024</subfield>
  </datafield>
  <datafield tag="300" ind1=" " ind2=" ">
    <subfield code="a">xxiv,832p.</subfield>
    <subfield code="b">PB</subfield>
    <subfield code="c">27x21cm.</subfield>
  </datafield>
  <datafield tag="365" ind1=" " ind2=" ">
    <subfield code="2">Mathematics</subfield>
    <subfield code="a">3983</subfield>
    <subfield code="b">660.00</subfield>
    <subfield code="c">&#x20B9;</subfield>
    <subfield code="d">825.00</subfield>
    <subfield code="e">20%</subfield>
    <subfield code="f">21-08-2023</subfield>
  </datafield>
  <datafield tag="440" ind1=" " ind2=" ">
    <subfield code="a">GATE PREP series</subfield>
    <subfield code="9">130485</subfield>
  </datafield>
  <datafield tag="520" ind1=" " ind2=" ">
    <subfield code="a">GKP&#x2019;s Prep Series: GATE 2023: Mathematics, prepared by renowned faculty members who are subject matter experts, is your best bet to be GATE READY! The entire book has been revised and updated as per the exam syllabus. It is divided into units, chapters and further segmented into topics. The questions given with the unit have detailed answers, supported by in-depth explanations and diagrams. The book also includes well-explained sections on General Aptitude and Engineering Mathematics other than all the Mathematics. It also includes more than 2500 Objective type questions, the last two years GATE Solved papers of 2021 and 2022. Additionally, students can avail GATE previous year solved papers from 2016-2023 online from GK Publication&#x2019;s website. Features: Comprehensive theory with concepts. 2500+ MCQs &amp; NTQs Ample questions supplemented with solutions and diagrams. Thoroughly revised and updated as per the new syllabus. 3 full-length mocks.</subfield>
  </datafield>
  <datafield tag="650" ind1=" " ind2=" ">
    <subfield code="a">Mathematics Entrance</subfield>
    <subfield code="9">130479</subfield>
  </datafield>
  <datafield tag="650" ind1=" " ind2=" ">
    <subfield code="a">Competitive Examination</subfield>
    <subfield code="9">130480</subfield>
  </datafield>
  <datafield tag="650" ind1=" " ind2=" ">
    <subfield code="a">Gate</subfield>
    <subfield code="9">130481</subfield>
  </datafield>
  <datafield tag="700" ind1=" " ind2=" ">
    <subfield code="a">CHAUDHARY (Kuldeep)</subfield>
    <subfield code="9">130482</subfield>
  </datafield>
  <datafield tag="700" ind1=" " ind2=" ">
    <subfield code="a">GOEL (Shashank)</subfield>
    <subfield code="9">130483</subfield>
  </datafield>
  <datafield tag="942" ind1=" " ind2=" ">
    <subfield code="2">ddc</subfield>
    <subfield code="c">BK</subfield>
  </datafield>
  <datafield tag="999" ind1=" " ind2=" ">
    <subfield code="c">228428</subfield>
    <subfield code="d">228428</subfield>
  </datafield>
  <datafield tag="952" ind1=" " ind2=" ">
    <subfield code="0">0</subfield>
    <subfield code="1">0</subfield>
    <subfield code="2">ddc</subfield>
    <subfield code="4">0</subfield>
    <subfield code="7">0</subfield>
    <subfield code="8">MAT</subfield>
    <subfield code="a">AL</subfield>
    <subfield code="b">AL</subfield>
    <subfield code="d">2023-08-22</subfield>
    <subfield code="e">Biblios Book Point Surathkal Mangalore 575014</subfield>
    <subfield code="g">660.00</subfield>
    <subfield code="l">0</subfield>
    <subfield code="o">510.02 CHAG</subfield>
    <subfield code="p">076673</subfield>
    <subfield code="r">2023-08-22 00:00:00</subfield>
    <subfield code="v">825.00</subfield>
    <subfield code="w">2023-08-22</subfield>
    <subfield code="y">BK</subfield>
  </datafield>
</record>
